|
|
|
|
| LEADER |
00756cam a2200217 7i4500 |
| 001 |
0000036610 |
| 005 |
20230316090000.0 |
| 007 |
##ta |
| 020 |
# |
# |
|a x
|
| 040 |
# |
# |
|a MATR
|
| 090 |
0 |
0 |
|a -
|b a
|
| 245 |
0 |
0 |
|a MALAYSIAN STANDARD :
|b Anti-bribery management systems - Requirements with guidance for use (ISO 37001:2016, IDT) (Published by STANDARDS MALAYSIA in 2017)
|c Department of Standards Malaysia.
|
| 264 |
# |
4 |
|a ♭.
|
| 264 |
# |
0 |
|a Cyberjaya:
|b Department of Standards Malaysia,
|c 2017.
|
| 300 |
# |
# |
|a vii, 55 pages;
|c 29 cm.
|
| 336 |
# |
# |
|a text
|2 rdacontent
|
| 337 |
# |
# |
|a unmediated
|2 rdamedia
|
| 338 |
# |
# |
|a volume
|2 rdacarrier
|
| 504 |
# |
# |
|a Includes bibliographical references and index
|
| 650 |
0 |
0 |
|a a
|
| 999 |
|
|
|a B000041291
|b Book
|c Malaysia
|e Business Information Centre
|